000 00575nam a22002057a 4500
008 150527b xxu||||| |||| 00| 0 eng d
020 _a9780071790277
041 0 _aeng
080 _a615.03
100 _aFreeman, Brian S.
245 0 4 _aThe ultimate guide to choosing a medical specialty /
_c[edited by] Brian S. Freeman.
250 _a3rd ed.
260 _aNew York :
_bMcGraw-Hill Medical,
_cc2013.
300 _a504 f. :
_bme il. ;
_c23 cm.
650 0 _aMjekësi
650 1 2 _aSpecializim
650 2 2 _aIntership
650 2 2 _aPraktik profesionale
942 _2udc
_cBK
999 _c910
_d910